| 000 | 00978nam a2200277 i 4500 | ||
|---|---|---|---|
| 001 | 185877 | ||
| 003 | SpMaBN | ||
| 005 | 20250804085015.0 | ||
| 008 | 160817s1997 sp |||| | spa d | ||
| 020 | _a84-7423-676-2 | ||
| 080 | _a316.48 | ||
| 100 | 1 |
_aHonneth, Axel. _964131 |
|
| 245 | 1 | 3 |
_aLa lucha por el reconocimiento _b: por una gramática moral de los conflictos sociales / _cAxel Honneth ; traducción castellana de Manuel Ballestero ; revisión de Gerard Vilar. |
| 260 |
_aBarcelona : _bCrítica, _c[1997] |
||
| 300 |
_a230 p. ; _c20 cm. |
||
| 490 | 1 |
_aCrítica/filosofía ; _v30 |
|
| 500 | _aÍndices. | ||
| 504 | _aBibliografía: p. [216]-222. | ||
| 650 | 7 |
_aConflictos sociales. _9152416 |
|
| 650 | 0 | 7 |
_aÉtica social _2embne _912593 |
| 700 | 1 |
_aBallestero, Manuel. _925031 |
|
| 700 | 1 |
_aVilar, Gerard. _9114794 |
|
| 830 | 0 |
_aCrítica/filosofía ; _v30 _9178106 |
|
| 852 |
_aES-MaACL _jL-30563 _z. - Donat. Miguel A. Velasco |
||
| 999 |
_c185877 _d185877 |
||